COMPARATIVE EVALUATION OF THE CLINICAL EFFICACY OF CHORION MEMBRANE WITH DEMINERALIZED FREEZE DRIED BONE ALLOGRAFT (DFDBA) VIS-A-VIS AMNION MEMBRANE WITH DFDBA FOR TREATING GINGIVAL RECESSION DEFECTS. (Record no. 15963)

MARC details
000 -LEADER
fixed length control field 00491nam a22001337a 4500
003 - CONTROL NUMBER IDENTIFIER
control field SGT
082 ## - DEWEY DECIMAL CLASSIFICATION NUMBER
Classification number 617.632
Item number C17J
100 ## - MAIN ENTRY--PERSONAL NAME
Personal name JAYASHREE, KASSAL
245 ## - TITLE STATEMENT
Title COMPARATIVE EVALUATION OF THE CLINICAL EFFICACY OF CHORION MEMBRANE WITH DEMINERALIZED FREEZE DRIED BONE ALLOGRAFT (DFDBA) VIS-A-VIS AMNION MEMBRANE WITH DFDBA FOR TREATING GINGIVAL RECESSION DEFECTS.
260 ## - PUBLICATION, DISTRIBUTION, ETC. (IMPRINT)
Place of publication, distribution, etc DELHI NCR
Name of publisher, distributor, etc SGT UNIVERSITY GURUGRAM
Year of Publication 2017
300 ## - PAGE DESCRIPTION
No. of Pages 1-124
650 ## - SUBJECT ADDED ENTRY--TOPICAL TERM
Topical term or geographic name as entry element PERIODONTOLOGY
942 ## - ADDED ENTRY ELEMENTS (KOHA)
Source of classification or shelving scheme Dewey Decimal Classification
Koha item type Thesis/Dissertation
Holdings
Withdrawn status Lost status Source of classification or shelving scheme Damaged status Not for loan Home library Current library Shelving location Date acquired Vendor Name SGTU Total Checkouts Full call number Accession No. (Barcode) Date last seen Bill Date Koha item type Collection code
    Dewey Decimal Classification     SGT Dental Library SGT Dental Library Reference Book 03/09/2018 PERFECT BOOK BINDING HOUSE NEW DELHI SGTU   617.632 C17J DT500 03/09/2018 03/09/2018 Thesis/Dissertation  
    Dewey Decimal Classification   Not For Loan SGT Medical Library SGT Medical Library Reference Book 12/10/2020   SGTU   617.632 C17J DT870 12/10/2020 12/10/2020 Thesis/Dissertation MEDICAL